| 000 | 01025nam a2200301 a 4500 | ||
|---|---|---|---|
| 001 | 24446 | ||
| 003 | BD-RjUL | ||
| 005 | 20211209001042.0 | ||
| 008 | 140313s1982 nju b 001 0 eng | ||
| 035 | _a(BD-RjUL)24513 | ||
| 040 |
_aDLC _cDLC _dDLC _dBD-RjUL _beng |
||
| 041 | _aeng | ||
| 082 | 0 | 0 |
_a930.072 _219 _bHUP 1982 |
| 100 | 1 |
_aHunter, Virginia J. _975261 |
|
| 245 | 1 | 0 |
_aPast and process in Herodotus and Thucydides / _cVirginia Hunter. |
| 260 |
_aPrinceton, N.J. : _bPrinceton University Press, _cc1982. |
||
| 300 |
_axviii, 371 p. ; _c23 cm. |
||
| 504 | _aBibliography: p. 339-353. and indexes. | ||
| 600 | 0 | 0 |
_aHerodotus. _975273 |
| 600 | 0 | 0 |
_aThucydides. _974738 |
| 650 | 0 |
_aHistory, Ancient _xHistoriography. _969883 |
|
| 651 | 0 |
_aGreece _xHistory _yPersian Wars, 500-449 B.C. _xHistoriography. _975263 |
|
| 651 | 0 |
_aGreece _xHistory _yPeloponnesian War, 431-404 B.C. _xHistoriography. _975264 |
|
| 651 | 0 |
_aGreece _xHistoriography. _975265 |
|
| 942 |
_2ddc _cBK |
||
| 999 |
_c24446 _d24446 |
||